000 00279nam a2200121Ia 4500
005 20251222141824.0
008 251222s9999||||xx |||||||||||||| ||spa||
082 _a025.49/G96
100 _aGutiérrez Muñoz, César
245 0 _aArchivísticas
264 _bFredy's
942 _cLIB
999 _c6899
_d6899